| 000 | 00000nam##2200000za#4500 |
| 001 | 9.644675 |
| 003 | CaOODSP |
| 005 | 20250509090418 |
| 007 | ta |
| 008 | 150407|1993||||xxc||||| f|0| 0 eng|d |
| 020 | |a0-660-15144-8 |
| 040 | |aCaOODSP|beng |
| 043 | |an-cn--- |
| 086 | 1 |aSW45-1/1993E |
| 110 | 1 |aCanada.|bCanadian Panel on Violence against Women. |
| 245 | 10|aChanging the landscape: ending violence, achieving equality: final report / |cby Pat Freeman Marshall and Marthe Asselin Vaillancourt. |
| 260 | |aOttawa - Ontario : |bCanadian Panel on Violence against Women |c1993. |
| 300 | |a452p. in various pagings. : |breferences, tables ; |c28 cm. |
| 500 | |aContents: Co-Chairs' message.--The context.--Experiencing violence: forms.--Experiencing violence: populations.--Experiencing violence: institutions.--The National Action Plan.--Appendices. N.B.: Several copies of this publication were produced with an incorrect catalogue number (SW45-3/1993E) printed in them. |
| 520 | 3 |aCanadian women pay a high price for society's tolerance of violence and inequality toward them. How high a price was revealed in the grim reality of women's stories as the Panel made its unique and sometimes haunting journey across Canada. All women are vulnerable. But many Aboriginal women, older women, poor women, women of colour, immigrant women, and women with disabilities told of unspeakable suffering. Arguing that much of what women endure is preventable, the Panel outlines a National Action Plan, a blueprint for changing society that calls for zero tolerance of violence against women. Established by the federal government in August 1991, the Panel was asked to develop a National Action Plan to end violence against women in Canada. The findings of the Panel are discussed in four components: a Final Report, Executive Summary/National Action Plan, a Community Kit, and Community Stories. |
| 563 | |aSoftcover |
| 590 | |a93-31|b1993-08-06 |
| 690 | 07|aViolence against women|2gcpds |
| 720 | 1 |aMarshall, Pat Freeman |
| 720 | 1 |aVaillancourt, Marthe Asselin |
| 775 | 08|tUn nouvel horizon: éliminer la violence, atteindre l'égalité: rapport final |w(CaOODSP)9.678574 |
| 776 | 0#|tFinal report of the Canadian Panel on Violence Against Women.|w(CaOODSP)9.950972 |